Tuyển tập Vương Hồng Sển /

Wedi'i Gadw mewn:
Manylion Llyfryddiaeth
Prif Awdur: Vương Hồng Sển
Fformat: Sách giấy
Iaith:Vietnamese
Cyhoeddwyd: H. : Văn học, 2002
Pynciau:
Tagiau: Ychwanegu Tag
Dim Tagiau, Byddwch y cyntaf i dagio'r cofnod hwn!
Thư viện lưu trữ: Thư viện Trường Đại học Đà Lạt
LEADER 00726nam a2200289 4500
001 DLU020019998
005 ##20020517
020 # # |a 978- 
041 # # |a vie 
082 # # |a 895.922 809  |b VU-S 
100 # # |a Vương Hồng Sển 
245 # # |a Tuyển tập Vương Hồng Sển /  |c Vương Hồng Sển 
260 # # |a H. :  |b Văn học,  |c 2002 
300 # # |a 1207 tr.;   |c 24 cm. 
653 # # |a Tài liệu địa chí 
653 # # |a Tác phẩm chọn lọc 
653 # # |a Thành phố Hồ Chí Minh 
653 # # |a Văn học Việt Nam 
992 # # |a 165000 
994 # # |a DLU 
900 # # |a False 
911 # # |a Administrator 
925 # # |a G 
926 # # |a A 
927 # # |a SH 
980 # # |a Thư viện Trường Đại học Đà Lạt